000 00294nam a22001337a 4500
008 171104b xxu||||| |||| 00| 0 eng d
020 _a2901133627295
041 _aeng
080 _a330.722.6
100 _a61
101 _aKON
245 _aQUCKBOOKS ACCOUNTANT
_cOWEN, G
942 _2udc
_cBK
999 _c37649
_d37649